Motivation in the workplace : (Record no. 216)

MARC details
000 -LEADER
fixed length control field 01129nam a2200301 a 4500
005 - DATE AND TIME OF LATEST TRANSACTION
control field 20260322212011.0
008 - FIXED-LENGTH DATA ELEMENTS--GENERAL INFORMATION
fixed length control field data
010 ## - LIBRARY OF CONGRESS CONTROL NUMBER
LC control number 96068884
020 ## - INTERNATIONAL STANDARD BOOK NUMBER
International Standard Book Number 1878542834 (pbk.)
020 ## - INTERNATIONAL STANDARD BOOK NUMBER
International Standard Book Number 9781878542830 (pbk.)
040 ## - CATALOGING SOURCE
Original cataloging agency NBelS
Transcribing agency NBelS
Modifying agency DLC
042 ## - AUTHENTICATION CODE
Authentication code lccopycat
050 00 - LIBRARY OF CONGRESS CALL NUMBER
Classification number HF5549.5.M63
Item number F54 1996
092 ## - LOCALLY ASSIGNED DEWEY CALL NUMBER (OCLC)
Classification number 658.314 F54 1996
001 - CONTROL NUMBER
control field data
100 1# - MAIN ENTRY--PERSONAL NAME
Personal name Fielder, Barbara L.
245 10 - TITLE STATEMENT
Title Motivation in the workplace :
Remainder of title how to motivate workers to peak performance and productivity /
Statement of responsibility, etc. Barbara L. Fielder.
246 30 - VARYING FORM OF TITLE
Title proper/short title How to motivate workers to peak performance and productivity
246 1# - VARYING FORM OF TITLE
Display text Subtitle on cover:
Title proper/short title Practical techniques for motivating workers to peak performance and productivity
260 ## - PUBLICATION, DISTRIBUTION, ETC.
Place of publication, distribution, etc. Mission, Kan. :
Name of publisher, distributor, etc. SkillPath Publications,
Date of publication, distribution, etc. c1996.
300 ## - PHYSICAL DESCRIPTION
Extent viii, 70 p. :
Other physical details ill. ;
Dimensions 21 cm.
650 #0 - SUBJECT ADDED ENTRY--TOPICAL TERM
Topical term or geographic name entry element Employee motivation.
650 #0 - SUBJECT ADDED ENTRY--TOPICAL TERM
Topical term or geographic name entry element Psychology, Industrial.
906 ## - LOCAL DATA ELEMENT F, LDF (RLIN)
a 7
b cbc
c copycat
d 3
e opcn
f 19
g y-gencatlg
922 ## -
-- ad
991 ## -
-- c-GenColl
-- HF5549.5.M63
-- F54 1996
-- Copy 1
-- BOOKS
Holdings
Withdrawn status Lost status Damaged status Not for loan Home library Current library Shelving location Date acquired Total checkouts Full call number Barcode Date last seen Price effective from Koha item type
        Franklin Franklin General stacks 22/03/2026   HF5549.5.M63 F54 1996 BC0010224 22/03/2026 22/03/2026 Books